| 000 | 00690nam a22002057a 4500 | ||
|---|---|---|---|
| 003 | OSt | ||
| 005 | 20260424002022.0 | ||
| 008 | 260424b |||||||| |||| 00| 0 eng d | ||
| 020 | _a9789712370304 | ||
| 040 |
_aDWCL Main LIb. _cOC |
||
| 082 | _aFil. 499.211 In43b 2015 | ||
| 100 |
_aInfanto, Remedios V. _eAuthor |
||
| 245 |
_aBaybayin 8 : _bpaglalayag sa wika at panitikan / _cRemedios V. Infanto |
||
| 260 |
_aManila : _bRex Book Store, _cc2015. |
||
| 300 |
_axvi, 386 pages : _billustrations ; _c26 cm. |
||
| 500 | _aBatayan at sanayang aklat sa Filipino. | ||
| 504 | _aIncludes bibliographical references. | ||
| 650 | _a1. Filipino--Study and teaching. | ||
| 942 |
_2ddc _cBK - FIL _n0 |
||
| 999 |
_c9812 _d9812 |
||